| 000 | 00405nam a22001571a 4500 | ||
|---|---|---|---|
| 082 |
_aM3 (ITr.) _bYAS/R |
||
| 100 | _aYaspal | ||
| 245 |
_aRajyadrohi/ _cby Yaspal |
||
| 260 |
_aKottayam: _bSahitya Pravartaka Co-operative Society, _c2009. |
||
| 300 | _a271p. | ||
| 650 | _aTranslation Hindi Novel | ||
| 650 | _aNovel Malayalam | ||
| 650 | _aLiterature Malayalam | ||
| 650 | _aLiterature | ||
| 942 | _cBK | ||
| 999 |
_c37147 _d37147 |
||